000 00806nas a2200265 4500
001 BR2016004353
003 BR-BrBNA
005 20231205130736.0
007 ta
008 230509b bl.|||p| |||| 00| 00por d
040 _aBR-BrBNA
_bpor
_cBiblioteca Nacional de Agricultura
041 _a(En)
072 _aP06
100 1 _aVitória, E.L. da
100 1 _aRodrigues, J.P.
245 1 _aEmergy efficiency analysis of sugarcane as a raw material forethanol production
650 _aCANA DE AÇÚCAR
650 _aETANOL
650 _aCOMBUSTÍVEL
650 _aMATÉRIA PRIMA
650 _aPRODUÇÃO
773 0 _tRevista Ciência Agronômica (Brazil)
_xISSN 0045-6888
_g(Oct-Dec 2016), v. 47(4) p. 616-623
_wBR2016004353
909 _a202311
_bLúcia
_c55
_dLúcia Elande
942 _2AGRIS
_n0
_cANA
999 _c250965
_d250965